000 00659nam a2200181Ia 4500
008 100921s9999 xx 000 0 und d
082 _b37692
_a550 न 00
100 _aरेड्डी सुनीला.
245 _aनिसर्गसुक्त.
260 _bदेशमुख आणि कंपनी,पुणे.
_c2000
300 _a324
_b---
365 _b350
520 _aविज्ञान-भौमिक शास्त्रे.
630 _aनिसर्गसुक्त.
650 _aविज्ञान-भौमिक शास्त्रे.
730 _aनिसर्गसुक्त.
942 _cBOOK
999 _c786805
_d786802